On Lie algebras of prime characteristic

Αποθηκεύτηκε σε:
Λεπτομέρειες βιβλιογραφικής εγγραφής
Κύριος συγγραφέας: Seligman, George B. 1927-
Μορφή: Βιβλίο
Γλώσσα:English
Δημοσίευση: Providence, R.I. : American Mathematical Society, 1956
Σειρά:Memoirs of the American Mathematical Society ; ; 19
Θέματα:
Ετικέτες: Προσθήκη ετικέτας
Δεν υπάρχουν, Καταχωρήστε ετικέτα πρώτοι!

MARC

LEADER 00000nam a2200000 i 4500
001 1/45316
008 941103s1956 eng d
020 |a 0-8218-1219-X 
035 |a 1993  |l 10042509 
040 |a GR-MY-UA  |b gre  |e aacr 
041 0 |a eng 
082 0 |a 512.55 
100 1 |a Seligman, George B.  |d 1927-. 
245 1 0 |a On Lie algebras of prime characteristic /  |c by George B. Seligman 
260 |a Providence, R.I. :   |b American Mathematical Society,   |c 1956 
300 |a 85 p.;  |b ill.;  |c 26 cm. 
490 1 |a Memoirs of the American Mathematical Society  |v ; 19 
500 |a Includes bibliographical references (p. 84-85) 
650 0 0 |a Lie algebras. 
830 0 |a Memoirs of the American Mathematical Society ;  |v ; 19 
852 |a INST  |b SAMOS  |e 19941103  |h 512.55 SEL  |p 005300002720  |q 005300002720  |t BK  |y 0 
909 |a Σ  |b 030495